Sekolah agama : penjana generasi berakhlak

Bibliographic Details
Main Authors: Mohd Hairudin Amin (Author), Kamarul Azmi Jasmi (Author)
Format: Book
Language:Malay
Published: Skudai : Penerbit Universiti Teknologi Malaysia 2011
Subjects:

MARC

LEADER 00000cam a2200000 7i4500
001 0000027806
005 20241120.0
008 1802012 my a may
020 |a 9789835207631 
040 |a INS   |b eng   |e rda 
090 0 0 |a LC910.M4   |b M836 2011 
100 0 |a Mohd Hairudin Amin ,   |e author 
245 1 0 |a Sekolah agama :   |b penjana generasi berakhlak   |c Mohd Hairudin Amin, Kamarul Azmi Jasmi 
264 1 |a Skudai :   |b Penerbit Universiti Teknologi Malaysia   |c 2011 
300 |a xi, 289 pages :   |b illustrations ;   |c 23 cm. 
336 |a text  |2 rdacontent 
337 |a unmediated  |2 rdamedia 
338 |a volume  |2 rdacarrier 
500 |a Includes index 
504 |a Includes bibliographical references (pages: 261-285) 
650 0 |a Islamic education   |z Malaysia 
650 0 |a Islamic ethics 
650 0 |a Islamic religious education of children   |z Johor 
650 0 |a LC910.M4   |b M65 2011 
650 0 |a Schools   |z Malaysia   |z Johor   |x History 
700 0 |a Kamarul Azmi Jasmi ,   |e author 
999 |a 1000003255   |b BOOK   |c Open Shelf   |e Default branch